Ivorian players in Premier League (2000-) - Statistics

General Stats
  • This quiz has been taken 57 times
  • The average score is 21 of 43
Answer Stats
Ranking Player Positions Nationality Matches Goals (assists) Periods Clubs % Correct
1 Kolo Touré DF 353 12 (10) 2002-2016
100%
4 Yaya Touré MF 230 59 (33) 2010-2018
100%
3 Didier Drogba FW 254 104 (55) 2004-2011, 2014-2015
96%
15 Eric Bailly DF 70 1 (0) 2016-2022
88%
5 Salomon Kalou MF, FW 156 36 (23) 2006-2012
86%
9 Wilfried Bony FW 115 35 (10) 2013-2018
86%
2 Wilfried Zaha MF, FW 305 68 (28) 2013-2023
86%
24 Amad Diallo MF, FW 38 9 (8) 2020-2021, 2023-2025
84%
14 Nicolas Pépé MF, FW 80 16 (9) 2019-2022
84%
10 Serge Aurier DF, MF 113 6 (14) 2017-2020, 2022-2024
84%
8 Willy Boly DF 126 7 (4) 2018-2025
80%
21 Gervinho MF, FW 46 9 (9) 2011-2013
64%
18 Simon Adingra DF, MF, FW 60 8 (3) 2023-2025
64%
7 Emmanuel Eboué DF, MF 132 4 (14) 2004-2011
62%
6 Cheick Tioté MF 138 1 (6) 2010-2016
60%
27 Ibrahim Sangaré MF 30 0 (1) 2023-2025
58%
19 Maxwel Cornet DF, MF, FW 49 10 (1) 2021-2025
52%
13 Arouna Koné FW 81 17 (10) 2012-2017
50%
32 David Datro Fofana MF, FW 18 4 (1) 2022-2024
50%
11 Didier Zokora MF 88 0 (0) 2006-2009
50%
34 Hamed Junior Traorè MF, FW 10 0 (0) 2022-2024
48%
26 Jean Seri MF 32 1 (2) 2018-2019
48%
22 Lamine Koné DF 45 3 (1) 2015-2017
48%
20 Sébastien Haller FW 48 10 (1) 2019-2021
48%
35 Bénie Traoré MF, FW 8 0 (0) 2023-2024
46%
43 Lacina Traoré FW 1 0 (0) 2013-2014
46%
37 Jean-Philippe Gbamin DF, MF 6 0 (0) 2019-2022
34%
29 Max Gradel MF, FW 25 1 (2) 2015-2017
34%
33 Emmanuel Agbadou DF 16 1 (0) 2024-2025
30%
28 Sol Bamba DF 28 4 (1) 2018-2019
28%
30 Aruna Dindane FW 19 8 (2) 2009-2010
24%
41 Seydou Doumbia FW 3 0 (0) 2015-2016
22%
31 Hassane Kamara DF, FW 19 1 (0) 2021-2022
20%
12 Abdoulaye Méïté DF 84 0 (1) 2006-2008, 2010-2011
14%
17 Guy Demel DF, MF 69 1 (2) 2012-2015
14%
42 Jeremie Boga MF, FW 1 0 (0) 2017-2018
14%
38 Jonathan Kodjia FW 6 0 (0) 2019-2020
14%
40 Abdul Razak MF 5 0 (0) 2010-2013
12%
36 Emerse Faé MF 8 0 (0) 2007-2008
12%
16 Olivier Tébily DF 70 0 (0) 2002-2006
12%
39 Siriki Dembélé MF, FW 6 0 (0) 2022-2023
10%
25 Yannick Sagbo FW 32 2 (1) 2013-2015
8%
23 Steve Gohouri DF 42 2 (1) 2009-2012
4%
No matching quizzes found
Score Distribution
Percent of People with Each Score
Percentile by Number Answered
Your Score History
You have not taken this quiz